000 00856cam a22001815a 4500
001 L157682
008 130227s xxk f 000 0 eng d
035 _a(Sirsi) u157682
041 0 _aeng
110 2 _aG. W. Bacon & Co.
_96125
245 0 0 _aBacon's large scale map of London and suburbs
_bin eighteen double sheets on the scale of nine inches to a mile : with extensions (reduced scale) on the north to Edmonton and Finchley, and on the south to the Crystal Palace and Wimbledon ... : with a map of twelve miles around London and a map of old London in the reign of Queen Elizabeth.
260 _aLondon
_bG.W. Bacon & Co.
_c[190-?]
300 _a[2] p., [26] col. plates
_bchiefly folded maps
_c51 cm.
520 _aIncludes a one-sheet index map to the eighteen large-scale London maps.
651 4 _aLondon
690 _aGeomatics
_96242
942 _n0
999 _c114918
_d114918